00890nam a22002537a 4500003000400000005001700004008004100021010002300062020002700085035002300112037001600135040003300151082001500184245010200199260004000301270003300341300003200374490005800406500004800464650003200512650004800544700002200592700002200614dpl20211013160331.0211013b ||||| |||| 00| 0 eng d aB-168504 B-168508 c1250.00a9780313321559 aB-168504 B-168508 bCen Lib/Ret aDPLbENcLibraries unlimited a679.5bPLA aPlanning the Modern Public Library Buildings /cedited by Gerard B. McCabe [and] James R. Kennedy aWestportbLibraries Unlimitedc2005 a88 Post Road West bWestport axi, 280p.:c21cm(pbk)bill. aThe libraries unlimited library management collection aIncludes bibliographic references and index aLibrary buildingsxPlanning aLibrary buildingsxDesign and Constructions aMcCabe, Gerard B. aKennedy, James R.